| 000 | 01089nac a22002411u 4500 | ||
|---|---|---|---|
| 008 | 100906t xxu||||| |||| 00| 0 eng d | ||
| 010 | _a2003114747 | ||
| 020 | _a0764543504 | ||
| 020 | _a8126504943 | ||
| 035 | _a(DLC) 2003114747 | ||
| 082 | 0 | 0 |
_a005.72 _bL9178 |
| 100 |
_aLowery, Joseph _918212 |
||
| 245 | 1 | 0 |
_aDreamweaver MX 2004 bible / _cJoseph W. Lowery. |
| 260 |
_aIndianapolis, IN : _bWiley Pub., _cc2004. |
||
| 300 |
_axli, 1177 p. : _bill. ; _c24 cm. + _e1 CD-ROM (4 3/4 in.) |
||
| 500 | _aIncludes index. | ||
| 650 | 0 |
_aWeb sites _xDesign. _918213 |
|
| 856 | 4 | 2 |
_3Contributor biographical information _uhttp://www.loc.gov/catdir/bios/wiley047/2003114747.html |
| 856 | 4 | 2 |
_3Table of contents _uhttp://www.loc.gov/catdir/toc/wiley041/2003114747.html |
| 856 | 4 | 2 |
_3Publisher description _uhttp://www.loc.gov/catdir/description/wiley041/2003114747.html |
| 942 |
_cBB _k005.72L9178 _2ddc |
||
| 999 |
_c672 _d672 |
||